| 000 | 00612nam a2200193Ia 4500 | ||
|---|---|---|---|
| 008 | 120823t2005 xxu||||| |||| 00| 0 sin d | ||
| 041 | _asin | ||
| 080 |
_a8-31(eng) _bLOF |
||
| 100 | _aLoftin,Hiu | ||
| 245 | _aහිත හොද දොස්තරගේ ආපසු ගමන | ||
| 246 | _aHitha Hoda Dostharage Apasu gamana | ||
| 260 |
_aSunera Publishers _aNugegoda _c2005 |
||
| 300 | _b111p, 21 cm | ||
| 500 | _aSinhalese Translation Of Hiu Loftin's of Doctor Do Little's Return | ||
| 700 |
_aGunasekara,Samarasingha _etr. |
||
| 942 | _cBK | ||
| 999 |
_c41153 _d41153 |
||
| 003 | LK-CoDNM | ||
| 040 |
_aLK-CoDNM _dLK-CoDNM _eLK-CoDNM |
||